Essays and reviews. (Record no. 185718)
[ view plain ]
| 000 -LEADER | |
|---|---|
| campo de control de longitud fija | 01038nam a2200193 i 4500 |
| 001 - NÚMERO DE CONTROL | |
| campo de control | 185718 |
| 003 - IDENTIFICADOR DE NÚMERO DE CONTROL | |
| campo de control | ES-MaACL |
| 005 - FECHA Y HORA DE LA ÚLTIMA TRANSACCIÓN | |
| campo de control | 20250728110720.0 |
| 008 - DATOS DE LONGITUD FIJA--INFORMACIÓN GENERAL | |
| campo de control de longitud fija | 160804s1862 ger |||| | eng d |
| 245 00 - MENCIÓN DEL TÍTULO | |
| Título | Essays and reviews. |
| 260 ## - PUBLICACIÓN, DISTRIBUCIÓN, ETC. | |
| Lugar de publicación, distribución, etc. | Leipzig : |
| Nombre del editor, distribuidor, etc. | Bernhard Tauchnitz, |
| Fecha de publicación, distribución, etc. | [1862] |
| 300 ## - DESCRIPCIÓN FÍSICA | |
| Extensión | 375 p. ; |
| Dimensiones | 16 cm. |
| 490 1# - MENCIÓN DE SERIE | |
| Mención de serie | Collection of British Authors ; |
| Designación de volumen o secuencia | 613 |
| 505 8# - NOTA DE CONTENIDO CON FORMATO | |
| Nota de contenido con formato | Contiene: The education of the world / by Frederick Temple. - Bunsen's biblical researches / by Rowland Williams. - On the study of the evidences of Christianity / by Baden Powell. - Séances historiques de Genève. - The national church / by Henry Bristow Wilson. - On the Mosaic cosmogony / by C. W. Goodwin. - Tendencies of religious thought in England, 1688-1750 / by Mark Pattison. - On the interpretation of scripture / by Benjamin Jowett. - Note on Bunsen's biblical researches |
| 650 07 - PUNTO DE ACCESO ADICIONAL DE MATERIA--TÉRMINO DE MATERIA | |
| Término de materia o nombre geográfico como elemento de entrada | Religión |
| Fuente del encabezamiento o término | embne |
| 9 (RLIN) | 16797 |
| 830 0# - PUNTO DE ACCESO ADICIONAL DE SERIE-TÍTULO UNIFORME | |
| Título uniforme | Collection of British Authors ; |
| Designación de volumen o secuencia | 613 |
| 9 (RLIN) | 180703 |
| 852 ## - LOCALIZACIÓN | |
| Ubicación | ES-MaACL |
| Número de control de estantería | G-12841 |
| Estatus retirado | Estado de pérdida | Estado de daño | No para préstamo | Colección | Biblioteca de origen | Biblioteca actual | Ubicación en estantería | Fecha de adquisición | Fuente de adquisición | Total de préstamos | Signatura topográfica completa | Código de barras | Visto por última vez | Precio de reemplazo | Tipo de ítem Koha |
|---|---|---|---|---|---|---|---|---|---|---|---|---|---|---|---|
| Libros del s. XIX | Biblioteca del Ateneo de Madrid | Biblioteca del Ateneo de Madrid | Sala Pecera Planta 3 | 04/08/2016 | G-12841 | 1195770 | 23/02/2023 | 23/02/2023 | Libro impreso antiguo |
